| 000 | 00777nam a2200217 i 4500 | ||
|---|---|---|---|
| 001 | 81650 | ||
| 003 | ES-MaACL | ||
| 005 | 20250915203319.0 | ||
| 007 | t| | ||
| 008 | 041105s1946 sp cf |||| |bspa d | ||
| 080 | _a929 Erasmus, Desiderius | ||
| 100 | 1 |
_aHuizinga, Johan. _964685 |
|
| 245 | 1 | 0 |
_aErasmo / _cJ. Huizinga ; [traducción de la versión inglesa por J. Farran Mayoral ampliada sobre la versión alemana por S. Olivares Canals]. |
| 260 |
_aBarcelona : _bEdiciones del Zodiaco, _c1946 ( _fAgustín Núñez) |
||
| 300 |
_a324 p., 1 lám. : _b1 retr. autor ; _c19 cm. |
||
| 599 | _aLám.: retr. de Erasmo. | ||
| 600 | 0 | 4 |
_aErasmus, Desiderius, _d1467-1536 _947350 |
| 700 | 1 |
_aFarrán y Mayoral, J. _948882 |
|
| 852 |
_aES-MaACL _jF-6510 |
||
| 999 |
_c81650 _d81650 |
||